[Event "Alicante Dama Negra 5th"]
[Site "Alicante"]
[Date "2024.12.30"]
[Round "8"]
[White "Martin Andres, Carlos"]
[Black "Martinez Cardenas, Sebastian Horacio"]
[Result "1/2-1/2"]
[WhiteElo "2006"]
[BlackElo "2041"]
[PlyCount "133"]
[EventDate "2024.12.26"]
[EventType "swiss"]
[EventRounds "9"]
[EventCountry "ESP"]
[SourceTitle "CB01_2025"]
[SourceDate "2025.01.01"]
[SourceVersion "1"]
[SourceVersionDate "2025.01.01"]
[SourceQuality "1"]

1. e4 c6 2. Nc3 d5 3. Nf3 Bg4 4. exd5 cxd5 5. d4 Nc6 6. Be2 Nf6 7. 0-0 e6 8. Bf4 Bxf3 9. Bxf3 Bd6 10. Qd2 0-0 11. Ne2 Rc8 12. c3 b5 13. b4 a5 14. Bxd6 Qxd6 15. a4 axb4 16. axb5 bxc3 17. Nxc3 Ne7 18. Rfb1 Nf5 19. b6 Nd7 20. b7 Rb8 21. Nb5 Qb6 22. Na7 Qc7 23. Qb4 Nd6 24. Nb5 Nxb5 25. Qxb5 Rfd8 26. Ra6 Nf6 27. Rb6 Rd6 28. Qc5 Rxb6 29. Rxb6 Qxc5 30. dxc5 Kf8 31. c6 Ne8 32. Kf1 Ke7 33. Bd1 Kd6 34. Ba4 Kc7 35. Rb4 Nd6 36. Rh4 Ne4 37. Rxh7 Nc3 38. Bc2 Kxc6 39. Rxg7 Rxb7 40. Ke1 Kd6 41. Bg6 Rb4 42. Bxf7 Rb1+ 43. Kd2 Ne4+ 44. Kc2 Rb7 45. f3 Rc7+ 46. Kd1 Nc3+ 47. Ke1 Ke5 48. Rh7 Ra7 49. Bg6 Ra2 50. g3 Kd4 51. Re7 e5 52. h4 e4 53. fxe4 dxe4 54. Bh5 Rg2 55. Rg7 Ke3 56. Kf1 Rf2+ 57. Kg1 Rf5 58. Bg4 Ra5 59. h5 Ne2+ 60. Bxe2 Kxe2 61. h6 Rh5 62. h7 Kf3 63. g4 Rh4 64. g5 e3 65. Re7 e2 66. Rxe2 Rxh7 67. Rg2 1/2-1/2

[Event "Pontevedra op-A 10th"]
[Site "Pontevedra"]
[Date "2022.07.29"]
[Round "8"]
[White "Martin Andres, Carlos"]
[Black "Vela Ignacio, Jose Manuel"]
[Result "1-0"]
[WhiteElo "1924"]
[BlackElo "2026"]
[PlyCount "64"]
[EventDate "2022.07.24"]
[EventType "swiss"]
[EventRounds "9"]
[EventCountry "ESP"]
[SourceTitle "EXT 2023"]
[Source "ChessBase"]
[SourceDate "2022.10.05"]
[SourceVersion "1"]
[SourceVersionDate "2022.10.05"]
[SourceQuality "1"]

1. e4 c6 2. Nf3 d5 3. Nc3 Bg4 4. Be2 Nf6 5. e5 Nfd7 6. d4 e6 7. Ng5 Bxe2 8. Qxe2 g6 9. Qf3 Qe7 10. Ne2 Bg7 11. Qe3 c5 12. c3 Nc6 13. 0-0 h6 14. Nf3 cxd4 15. cxd4 0-0 16. Bd2 f5 17. exf6 Rxf6 18. Nf4 Qf7 19. Nd3 g5 20. Bc3 Rf8 21. h3 Qg6 22. Qe2 Qh5 23. Rfe1 Qg6 24. b4 b5 25. a4 bxa4 26. b5 Ncb8 27. Nde5 Nxe5 28. Nxe5 Qe8 29. f3 Qc8 30. Bb4 Re8 31. Rxa4 Qb7 32. Bc5 Qc8 1-0

[Event "Pontevedra op-A 10th"]
[Site "Pontevedra"]
[Date "2022.07.28"]
[Round "7"]
[White "Macqueron, Gregory"]
[Black "Martin Andres, Carlos"]
[Result "0-1"]
[WhiteElo "1936"]
[BlackElo "1924"]
[PlyCount "88"]
[EventDate "2022.07.24"]
[EventType "swiss"]
[EventRounds "9"]
[EventCountry "ESP"]
[SourceTitle "EXT 2023"]
[Source "ChessBase"]
[SourceDate "2022.10.05"]
[SourceVersion "1"]
[SourceVersionDate "2022.10.05"]
[SourceQuality "1"]

1. d4 Nf6 2. Nc3 d5 3. Bf4 c6 4. e3 e6 5. Bd3 Bd6 6. Qf3 Qe7 7. Bxd6 Qxd6 8. 0-0-0 Nbd7 9. e4 dxe4 10. Nxe4 Qxd4 11. Ne2 Qe5 12. Nd2 Nb6 13. g4 Bd7 14. h4 0-0-0 15. Kb1 Nfd5 16. Rhe1 f6 17. a3 Qc7 18. c4 Ne7 19. Nf4 e5 20. Nh5 Rdg8 21. Ne4 Be6 22. c5 Nbd5 23. Nd6+ Kb8 24. g5 Qd8 25. Qe2 Nc8 26. Nxc8 Kxc8 27. Bc4 Qd7 28. f3 Qf7 29. Bxd5 Bxd5 30. Ng3 Re8 31. Nf5 Qg6 32. Qd3 Kb8 33. Ka1 Rd8 34. gxf6 Be6 35. fxg7 Rhg8 36. Qxd8+ Rxd8 37. Rxd8+ Kc7 38. g8Q Bxg8 39. Rc8+ Kd7 40. Rd1+ Bd5 41. Nd6 Qc2 42. Rg1 Qb3 43. Rg7+ Ke6 44. Re8+ Kf6 0-1

[Event "Pontevedra op-A 10th"]
[Site "Pontevedra"]
[Date "2022.07.27"]
[Round "5"]
[White "Baldus Martin, Juan"]
[Black "Martin Andres, Carlos"]
[Result "1-0"]
[WhiteElo "2007"]
[BlackElo "1924"]
[PlyCount "93"]
[EventDate "2022.07.24"]
[EventType "swiss"]
[EventRounds "9"]
[EventCountry "ESP"]
[SourceTitle "EXT 2023"]
[Source "ChessBase"]
[SourceDate "2022.10.05"]
[SourceVersion "1"]
[SourceVersionDate "2022.10.05"]
[SourceQuality "1"]

1. d4 Nf6 2. c4 g6 3. Nc3 Bg7 4. e4 d6 5. Nf3 e5 6. dxe5 dxe5 7. Qxd8+ Kxd8 8. Bg5 h6 9. 0-0-0+ Bd7 10. Bh4 Re8 11. c5 g5 12. Bg3 Nh5 13. Bc4 Nxg3 14. hxg3 Rf8 15. Nd5 c6 16. Ne3 Ke7 17. g4 Be6 18. Nd2 Nd7 19. Nb3 a5 20. a4 b6 21. Bxe6 fxe6 22. Nc4 Nxc5 23. Nxc5 bxc5 24. f3 Rfb8 25. Kc2 Rd8 26. Rxd8 Kxd8 27. b3 Kc7 28. Rd1 Bf6 29. Rd6 Re8 30. Kc3 Bh8 31. Rd1 Ra8 32. Kc2 Bf6 33. Rh1 Bg7 34. Kc3 Bf8 35. Kb2 Ra7 36. Kb1 Bg7 37. Ka2 Ra6 38. Rc1 Ra8 39. Kb1 Ra6 40. Nb2 Rb6 41. Ka2 Rb4 42. Rxc5 Rd4 43. Rxa5 Kb6 44. Ra8 Rd2 45. Ka3 Rxg2 46. Nc4+ Kb7 47. Re8 1-0

[Event "Pontevedra op-A 10th"]
[Site "Pontevedra"]
[Date "2022.07.26"]
[Round "4"]
[White "Martin Andres, Carlos"]
[Black "Alonso Pacheco, Luis Joaquin"]
[Result "1/2-1/2"]
[WhiteElo "1924"]
[BlackElo "1903"]
[PlyCount "84"]
[EventDate "2022.07.24"]
[EventType "swiss"]
[EventRounds "9"]
[EventCountry "ESP"]
[SourceTitle "EXT 2023"]
[Source "ChessBase"]
[SourceDate "2022.10.05"]
[SourceVersion "1"]
[SourceVersionDate "2022.10.05"]
[SourceQuality "1"]

1. e4 c5 2. Nc3 Nc6 3. f4 g6 4. Bb5 Nd4 5. Nf3 Bg7 6. Nxd4 cxd4 7. Ne2 a6 8. Bc4 b5 9. Bd5 Rb8 10. d3 e6 11. Bb3 Bb7 12. 0-0 Ne7 13. f5 gxf5 14. Ng3 0-0 15. exf5 Nxf5 16. Nxf5 exf5 17. Rxf5 Qb6 18. Qg4 Rbe8 19. Bd2 d5 20. Rf2 Re6 21. Raf1 a5 22. a3 Rg6 23. Qh5 Qd8 24. Rf5 Qc7 25. R5f2 Qd8 26. Qf5 Rf6 27. Qg5 Rxf2 28. Rxf2 Qxg5 29. Bxg5 Re8 30. Kf1 a4 31. Ba2 Kf8 32. Bf4 Re6 33. Bg3 Rf6 34. Rxf6 Bxf6 35. Bf4 Ke7 36. Ke2 Ke6 37. Bd2 Be5 38. g3 Kf5 39. Kf3 h5 40. h3 Bc6 41. Bc1 f6 42. Bh6 Ke6 1/2-1/2

[Event "Pontevedra op-A 10th"]
[Site "Pontevedra"]
[Date "2022.07.25"]
[Round "3"]
[White "Alvarez Dominguez, Breixo Jesus"]
[Black "Martin Andres, Carlos"]
[Result "1-0"]
[WhiteElo "2026"]
[BlackElo "1924"]
[PlyCount "98"]
[EventDate "2022.07.24"]
[EventType "swiss"]
[EventRounds "9"]
[EventCountry "ESP"]
[SourceTitle "EXT 2023"]
[Source "ChessBase"]
[SourceDate "2022.10.05"]
[SourceVersion "1"]
[SourceVersionDate "2022.10.05"]
[SourceQuality "1"]

1. d4 Nf6 2. c4 g6 3. f3 Bg7 4. e4 d6 5. Nc3 e5 6. Nge2 Nc6 7. Be3 Nd7 8. Qd2 exd4 9. Nxd4 Nde5 10. Nxc6 Nxc6 11. Nd5 h6 12. Be2 Be6 13. 0-0 Qd7 14. Rac1 h5 15. Bg5 Bxd5 16. cxd5 Ne7 17. Rc4 0-0 18. Rfc1 c5 19. dxc6 bxc6 20. Bxe7 Qxe7 21. Rxc6 Qe5 22. b4 Qd4+ 23. Qxd4 Bxd4+ 24. Kf1 Rfd8 25. Bc4 Rd7 26. Rd1 Bb6 27. e5 d5 28. Rxd5 Rxd5 29. Bxd5 Rd8 30. Rxg6+ Kf8 31. Rd6 Ke7 32. g3 Rxd6 33. exd6+ Kxd6 34. Bxf7 h4 35. Kg2 hxg3 36. hxg3 Ke5 37. a4 Kd4 38. a5 Bd8 39. a6 Ke5 40. b5 Kf5 41. Bd5 Ke5 42. Bc6 Kf5 43. f4 Bc7 44. Kf3 Kf6 45. g4 Ke6 46. g5 Bb6 47. Ke4 Kf7 48. f5 Bd8 49. f6 Kg6 1-0

[Event "Colmenarejo Autumn op 29th"]
[Site "Colmenarejo"]
[Date "2019.10.27"]
[Round "7"]
[White "Martin Andres, Carlos"]
[Black "Minguez Greciano, Iluminada"]
[Result "1/2-1/2"]
[WhiteElo "1939"]
[BlackElo "1782"]
[PlyCount "128"]
[EventDate "2019.09.15"]
[EventType "swiss"]
[EventRounds "7"]
[EventCountry "ESP"]
[SourceTitle "EXT 2021"]
[Source "ChessBase"]
[SourceDate "2020.10.23"]
[SourceVersion "1"]
[SourceVersionDate "2020.10.23"]
[SourceQuality "1"]

1. e4 c6 2. Nf3 d5 3. Nc3 Nf6 4. exd5 cxd5 5. d4 Nc6 6. Bb5 Bd7 7. 0-0 e6 8. Ne5 Be7 9. Be3 0-0 10. Nxc6 Bxc6 11. Bd3 Rc8 12. Qf3 Qd7 13. Qh3 g6 14. Bh6 Rfe8 15. f4 Ne4 16. g4 f5 17. Ne2 b5 18. Rf3 b4 19. Kh1 Bb5 20. Rg1 Bxd3 21. cxd3 Nf6 22. gxf5 exf5 23. Ng3 Ng4 24. Nxf5 Qxf5 25. Rxg4 Rc1+ 26. Rg1 Rxg1+ 27. Kxg1 Qxh3 28. Rxh3 Bf6 29. Kf1 Bxd4 30. b3 Rc8 31. f5 Rc2 32. fxg6 hxg6 33. Rg3 Kf7 34. Rf3+ Ke6 35. Rg3 Rxh2 36. Rxg6+ Kd7 37. Ra6 Bb6 38. Bg7 Rd2 39. d4 Kc6 40. Ke1 Rg2 41. Be5 Kb5 42. Ra4 a5 43. Kf1 Rg4 44. Ke2 Bxd4 45. Bc7 Bb6 46. Bxb6 Kxb6 47. Kd3 Kb5 48. Ke3 Rg1 49. Kd4 Rd1+ 50. Ke3 Rc1 51. Kd4 Rd1+ 52. Ke3 d4+ 53. Ke2 Rh1 54. Kd3 Rh4 55. Kd2 Rh5 56. Kd3 Rd5 57. Ke2 d3+ 58. Kd2 Rd6 59. a3 bxa3 60. Rxa3 Rd5 61. Ra4 Kb6 62. b4 axb4 63. Rxb4+ Kc5 64. Rb3 Kc4 1/2-1/2

[Event "Colmenarejo Autumn op 29th"]
[Site "Colmenarejo"]
[Date "2019.10.20"]
[Round "6"]
[White "Garcia Fernandez, Jose Luis"]
[Black "Martin Andres, Carlos"]
[Result "1/2-1/2"]
[WhiteElo "1776"]
[BlackElo "1939"]
[PlyCount "104"]
[EventDate "2019.09.15"]
[EventType "swiss"]
[EventRounds "7"]
[EventCountry "ESP"]
[SourceTitle "EXT 2021"]
[Source "ChessBase"]
[SourceDate "2020.10.23"]
[SourceVersion "1"]
[SourceVersionDate "2020.10.23"]
[SourceQuality "1"]

1. Nf3 Nf6 2. b3 g6 3. d4 Bg7 4. Bf4 d6 5. e3 0-0 6. Be2 Nc6 7. Nbd2 Nd7 8. Bg3 e5 9. c3 h6 10. d5 Ne7 11. e4 f5 12. h3 Nf6 13. Bd3 fxe4 14. Bxe4 Nfxd5 15. Qc2 Bf5 16. 0-0-0 c6 17. Rhe1 Qa5 18. Nc4 Qc7 19. Bh4 g5 20. Bg3 b5 21. Ncxe5 Bxe5 22. Nxe5 dxe5 23. Bxf5 Rxf5 24. c4 bxc4 25. Qxc4 Kf8 26. Re2 Re8 27. h4 Qb8 28. hxg5 hxg5 29. Rh1 Qb4 30. Bxe5 Qxc4+ 31. bxc4 Nf6 32. Bxf6 Rxf6 33. Rh8+ Kf7 34. Rh7+ Kf8 35. Rh8+ Kf7 36. Rh7+ Kg8 37. Rhxe7 Rxe7 38. Rxe7 Rxf2 39. Rxa7 Rxg2 40. Kd1 Rg4 41. Ra5 Rxc4 42. Rxg5+ Kf7 43. Re5 Kf6 44. Re2 Rf4 45. Kc2 Rf3 46. Kb2 Rf4 47. Kb3 Kg7 48. a4 c5 49. a5 Rb4+ 50. Ka3 Rb5 51. Ka4 Rb4+ 52. Ka3 Rb5 1/2-1/2

[Event "Colmenarejo Autumn op 29th"]
[Site "Colmenarejo"]
[Date "2019.10.06"]
[Round "4"]
[White "Martin Andres, Carlos"]
[Black "Lucarelli, Leonardo"]
[Result "1-0"]
[WhiteElo "1939"]
[BlackElo "1480"]
[PlyCount "71"]
[EventDate "2019.09.15"]
[EventType "swiss"]
[EventRounds "7"]
[EventCountry "ESP"]
[SourceTitle "EXT 2021"]
[Source "ChessBase"]
[SourceDate "2020.10.23"]
[SourceVersion "1"]
[SourceVersionDate "2020.10.23"]
[SourceQuality "1"]

1. e4 e5 2. Nf3 Nc6 3. Bc4 Bc5 4. d3 a6 5. Ng5 Nh6 6. 0-0 d6 7. h3 Qf6 8. Nc3 Ne7 9. Nf3 Be6 10. Nd5 Nxd5 11. exd5 Bd7 12. c3 0-0 13. Bg5 Qg6 14. Be7 Rfe8 15. Nh4 Bg4 16. hxg4 Qxg4 17. Qxg4 Nxg4 18. Bg5 h6 19. Bd2 b5 20. Bb3 a5 21. Nf5 a4 22. Bd1 Nf6 23. Bf3 e4 24. dxe4 Nxe4 25. Bxe4 Rxe4 26. Rfe1 Rae8 27. Kf1 R8e5 28. Rxe4 Rxe4 29. Re1 Re5 30. Rxe5 dxe5 31. Be3 Bd6 32. Ke2 h5 33. Ba7 Kf8 34. Bb8 g6 35. Nxd6 cxd6 36. Bxd6+ 1-0

[Event "Pontevedra op 7th"]
[Site "Pontevedra"]
[Date "2019.08.12"]
[Round "7"]
[White "Martin Andres, Carlos"]
[Black "Andias, Joao Pedro Menezes"]
[Result "1/2-1/2"]
[WhiteElo "1888"]
[BlackElo "2059"]
[PlyCount "135"]
[EventDate "2019.08.08"]
[EventType "swiss"]
[EventRounds "9"]
[EventCountry "ESP"]
[SourceTitle "EXT 2020"]
[Source "ChessBase"]
[SourceDate "2019.10.17"]
[SourceVersion "1"]
[SourceVersionDate "2019.10.17"]
[SourceQuality "1"]

1. e4 c5 2. Nc3 d6 3. f4 Nc6 4. Nf3 g6 5. Bc4 Bg7 6. 0-0 e6 7. d3 Nge7 8. Qe1 0-0 9. Qh4 d5 10. Bb3 Na5 11. f5 gxf5 12. Bh6 dxe4 13. dxe4 Ng6 14. Qh5 Bxh6 15. Qxh6 f4 16. Ne2 f6 17. Nxf4 Nxf4 18. Qxf4 c4 19. Ba4 b5 20. Qg4+ Kh8 21. Rad1 Qe7 22. Qh5 a6 23. c3 Bd7 24. Bc2 Be8 25. Qh6 Qg7 26. Qxg7+ Kxg7 27. Rd6 e5 28. Nh4 Bg6 29. Rfd1 Rf7 30. Rd7 Ra7 31. Rxa7 Rxa7 32. Rd6 Kf7 33. Nf3 Ke7 34. Rd2 Nb7 35. Kf2 Nd6 36. Re2 a5 37. Nd2 b4 38. Nf1 bxc3 39. bxc3 Rb7 40. Ng3 Nb5 41. Re3 Na3 42. Bd1 Rb2+ 43. Re2 Rb6 44. Rd2 Nb1 45. Rc2 Be8 46. Rc1 Rb2+ 47. Be2 Na3 48. Ra1 Bf7 49. Nf5+ Kd7 50. Ne3 Kc6 51. Nd1 Rd2 52. Ke3 Rd8 53. Rc1 Kc5 54. Nf2 Be6 55. Bg4 Bxg4 56. Nxg4 Rd6 57. Ke2 Rb6 58. Ra1 Nb1 59. Nxf6 Nxc3+ 60. Kd2 Rxf6 61. Kxc3 Rf2 62. Rd1 Rxa2 63. Rd5+ Kc6 64. Rxe5 Rxg2 65. Rxa5 Rxh2 66. Kxc4 h5 67. Rg5 Kd7 68. Rg6 1/2-1/2

[Event "Pontevedra op 7th"]
[Site "Pontevedra"]
[Date "2019.08.12"]
[Round "6"]
[White "Martin Andres, Carlos"]
[Black "Garcia Martinez, Belarmino"]
[Result "1-0"]
[WhiteElo "1888"]
[BlackElo "1178"]
[PlyCount "89"]
[EventDate "2019.08.08"]
[EventType "swiss"]
[EventRounds "9"]
[EventCountry "ESP"]
[SourceTitle "EXT 2020"]
[Source "ChessBase"]
[SourceDate "2019.10.17"]
[SourceVersion "1"]
[SourceVersionDate "2019.10.17"]
[SourceQuality "1"]

1. e4 c5 2. Nc3 e6 3. f4 d5 4. exd5 exd5 5. Bb5+ Nc6 6. Bxc6+ bxc6 7. Nf3 Bd6 8. d3 Nf6 9. Qe2+ Qe7 10. 0-0 Qxe2 11. Nxe2 0-0 12. b3 Bg4 13. Ba3 Rfe8 14. Kf2 Re6 15. h3 Bxf3 16. Kxf3 Rae8 17. Nc3 Re3+ 18. Kf2 Bxf4 19. Bxc5 Bg3+ 20. Kg1 Re1 21. Bxa7 Rxa1 22. Rxa1 Be1 23. Nd1 Re2 24. Kf1 Re8 25. Nf2 Bc3 26. Rb1 Ra8 27. Nd1 Be5 28. d4 Bg3 29. Bb6 Rxa2 30. Rb2 Ra8 31. c4 Ra1 32. Ke2 Ra8 33. Ne3 Re8 34. Kf3 Nh5 35. cxd5 cxd5 36. Nxd5 Re6 37. Re2 Rxe2 38. Kxe2 Kf8 39. Bc7 Bxc7 40. Nxc7 Nf4+ 41. Kf3 Ne6 42. Nxe6+ fxe6 43. Ke4 Ke7 44. Ke5 g5 45. b4 1-0

[Event "Tres Cantos op 11th"]
[Site "Tres Cantos"]
[Date "2019.06.23"]
[Round "2"]
[White "Rubio Gonzalez, Beltran"]
[Black "Martin Andres, Carlos"]
[Result "0-1"]
[WhiteElo "1576"]
[BlackElo "1885"]
[PlyCount "119"]
[EventDate "2019.06.22"]
[EventType "swiss"]
[EventRounds "9"]
[EventCountry "ESP"]
[SourceTitle "CBM 195 Extra"]
[Source "ChessBase"]
[SourceDate "2020.05.31"]
[SourceVersion "1"]
[SourceVersionDate "2020.05.31"]
[SourceQuality "1"]

1. d4 d5 2. Bf4 e6 3. Nf3 Bd6 4. e3 Bxf4 5. exf4 Qd6 6. g3 Qb4+ 7. Nbd2 Nc6 8. c3 Qxb2 9. Qc1 Qxc1+ 10. Rxc1 Nge7 11. Bd3 f6 12. 0-0 Ng6 13. Rfe1 Kf7 14. Re2 Bd7 15. Nb3 b6 16. c4 Nb4 17. Bb1 dxc4 18. Rxc4 Nd5 19. Rc1 Nge7 20. Bd3 h6 21. h4 g6 22. Kg2 Rhd8 23. Bc4 a5 24. a3 Bc8 25. Rb2 Ba6 26. Nbd2 Bxc4 27. Nxc4 Nf5 28. Kf1 Nd6 29. Ne3 Ra7 30. Rc6 Nc8 31. Nxd5 Rxd5 32. Rbc2 Rd7 33. a4 Ne7 34. R6c3 h5 35. Ke2 Ke8 36. Re3 Rd6 37. Rec3 Kd7 38. Rc4 Rc6 39. Kd3 Rxc4 40. Kxc4 Rb7 41. Nd2 c6 42. Rb2 Nd5 43. Ne4 Kc7 44. Rb3 Kb8 45. Nd6 Rd7 46. Ne4 Ka7 47. Rb2 Ka6 48. Rb3 f5 49. Ng5 Re7 50. Nf3 Kb7 51. Ne5 Rg7 52. Rb2 Ne7 53. Nd7 Nc8 54. Ne5 Nd6+ 55. Kd3 b5 56. Rc2 Rc7 57. Nxg6 Ne8 58. Nf8 Re7 59. Ng6 Rd7 60. Ne5 0-1

[Event "Colmenarejo Spring op"]
[Site "Colmenarejo"]
[Date "2019.06.16"]
[Round "6.3"]
[White "Martin Andres, Carlos"]
[Black "Mataix Fernandez, Ricardo"]
[Result "1/2-1/2"]
[WhiteElo "1885"]
[BlackElo "1767"]
[PlyCount "90"]
[EventDate "2019.05.05"]
[EventType "swiss"]
[EventRounds "7"]
[EventCountry "ESP"]
[SourceTitle "EXT 2024"]
[Source "ChessBase"]
[SourceDate "2023.10.10"]
[SourceVersion "1"]
[SourceVersionDate "2023.10.10"]
[SourceQuality "1"]

1. e4 e5 2. Nf3 d6 3. Bc4 Be7 4. 0-0 Nf6 5. Nc3 c6 6. Bb3 b5 7. a3 0-0 8. d4 Nbd7 9. Bg5 Bb7 10. Bxf6 Bxf6 11. d5 Nb6 12. dxc6 Bxc6 13. Bd5 Nxd5 14. Nxd5 Bxd5 15. Qxd5 Qb6 16. Rad1 Rfd8 17. Qb3 Rac8 18. Rd5 Rc5 19. Rfd1 Qc7 20. c3 a6 21. g3 g6 22. R1d3 Kg7 23. Qd1 Be7 24. Nd2 a5 25. Qb3 Rb8 26. h4 Qb6 27. Kg2 Rbc8 28. Nf1 Qd8 29. Ne3 Qe8 30. h5 Qf8 31. Qd1 Rxd5 32. Nxd5 Rd8 33. Nxe7 Qxe7 34. hxg6 hxg6 35. Rd5 Qd7 36. Qd3 Rh8 37. Rxd6 Qh3+ 38. Kf3 Qh1+ 39. Ke2 Qa1 40. Qc2 Rh1 41. Rd5 Qf1+ 42. Kf3 Qh3 43. Rxe5 Re1 44. Qd2 Qh1+ 45. Kf4 Rd1 1/2-1/2

[Event "Colmenarejo Spring op"]
[Site "Colmenarejo"]
[Date "2019.05.05"]
[Round "1.3"]
[White "Martin Andres, Carlos"]
[Black "Melcon Diez, Enrique"]
[Result "1-0"]
[WhiteElo "1885"]
[BlackElo "1661"]
[PlyCount "37"]
[EventDate "2019.05.05"]
[EventType "swiss"]
[EventRounds "7"]
[EventCountry "ESP"]
[SourceTitle "EXT 2024"]
[Source "ChessBase"]
[SourceDate "2023.10.10"]
[SourceVersion "1"]
[SourceVersionDate "2023.10.10"]
[SourceQuality "1"]

1. e4 c5 2. Nc3 g6 3. Nge2 Bg7 4. d4 cxd4 5. Nxd4 Nc6 6. Be3 Nf6 7. Bc4 0-0 8. f3 Qb6 9. Rb1 Nxe4 10. Nd5 Qc5 11. Nxc6 Qxc4 12. Ncxe7+ Kh8 13. fxe4 Qxe4 14. 0-0 b6 15. Qd3 Qxd3 16. cxd3 Bb7 17. Nf6 Bxf6 18. Rxf6 Rae8 19. Bd4 1-0

[Event "Madrid-ch U16"]
[Site "Madrid"]
[Date "2019.03.31"]
[Round "4"]
[White "Martin Andres, Carlos"]
[Black "Guillo Longares, Cecilia"]
[Result "1/2-1/2"]
[WhiteElo "1860"]
[BlackElo "1935"]
[PlyCount "93"]
[EventDate "2019.03.30"]
[EventType "swiss"]
[EventRounds "6"]
[EventCountry "ESP"]
[SourceTitle "EXT 2021"]
[Source "ChessBase"]
[SourceDate "2020.10.23"]
[SourceVersion "1"]
[SourceVersionDate "2020.10.23"]
[SourceQuality "1"]

1. e4 c5 2. Nc3 Nc6 3. Nge2 g6 4. g3 Bg7 5. Bg2 e6 6. 0-0 Nge7 7. d3 0-0 8. h3 d6 9. f4 Rb8 10. g4 f5 11. Ng3 Kh8 12. Nce2 Bd7 13. Rb1 Qc8 14. exf5 gxf5 15. g5 Ng6 16. Nh5 Nh4 17. Bh1 Ne7 18. Nxg7 Kxg7 19. Ng3 Bc6 20. Qh5 Neg6 21. Qh6+ Kh8 22. Rf2 Bxh1 23. Nxh1 Qc6 24. Qh5 e5 25. Ng3 c4 26. dxc4 Qxc4 27. b3 Qd4 28. Nf1 Rbc8 29. Be3 Qe4 30. Rc1 exf4 31. Bd2 Kg8 32. Re1 Qd4 33. c3 Qd3 34. Bxf4 Nxf4 35. Rxf4 Ng6 36. Rf3 Qc2 37. Re6 Rc7 38. Rxd6 Qxa2 39. c4 Qe2 40. Rd2 Qe5 41. Re3 Qc5 42. Kh2 Re7 43. Rxe7 Qxe7 44. Ng3 Nf4 45. Qf3 Ng6 46. Qd5+ Kh8 47. Qd4+ 1/2-1/2

[Event "Colmenarejo Autumn op 25th"]
[Site "Colmenarejo"]
[Date "2018.10.28"]
[Round "7"]
[White "Urruti Diaz, Agustin Anibal"]
[Black "Martin Andres, Carlos"]
[Result "0-1"]
[WhiteElo "1713"]
[BlackElo "1707"]
[PlyCount "58"]
[EventDate "2018.09.16"]
[EventType "swiss"]
[EventRounds "7"]
[EventCountry "ESP"]
[SourceTitle "CBM 187 Extra"]
[Source "ChessBase"]
[SourceDate "2018.11.04"]
[SourceVersion "1"]
[SourceVersionDate "2018.11.04"]
[SourceQuality "1"]

1. e4 e6 2. d4 d5 3. Nc3 Bb4 4. Bd3 Nc6 5. Nf3 dxe4 6. Bxe4 Nf6 7. Bg5 Be7 8. Bxf6 Bxf6 9. Ne2 Qd6 10. c3 0-0 11. Qc2 g6 12. 0-0 e5 13. Rad1 exd4 14. Nexd4 Nxd4 15. Nxd4 Qb6 16. Rfe1 c5 17. Ne2 Be6 18. Bd5 Bf5 19. Qc1 Rad8 20. Ng3 Bg4 21. f3 Bd7 22. Ne4 Bg7 23. Kh1 Bc6 24. Bxc6 Qxc6 25. Qf4 f5 26. Nd6 b5 27. Re6 Bf6 28. Rde1 Qd5 29. Ne8 Qxe6 0-1

[Event "Colmenarejo Autumn op 25th"]
[Site "Colmenarejo"]
[Date "2018.10.07"]
[Round "4"]
[White "Lopez Perolio, Jorge"]
[Black "Martin Andres, Carlos"]
[Result "0-1"]
[WhiteElo "1973"]
[BlackElo "1707"]
[PlyCount "122"]
[EventDate "2018.09.16"]
[EventType "swiss"]
[EventRounds "7"]
[EventCountry "ESP"]
[SourceTitle "CBM 187 Extra"]
[Source "ChessBase"]
[SourceDate "2018.11.04"]
[SourceVersion "1"]
[SourceVersionDate "2018.11.04"]
[SourceQuality "1"]

1. e4 e6 2. d4 d5 3. e5 c5 4. c3 Qb6 5. Nf3 Nc6 6. Bd3 Bd7 7. Bc2 cxd4 8. cxd4 Nb4 9. Nc3 Nxc2+ 10. Qxc2 Qa6 11. Qe2 Qb6 12. 0-0 Bb4 13. a4 Ne7 14. Bd2 Nf5 15. Qd3 a5 16. Rfc1 h6 17. Ne2 Be7 18. g4 Nh4 19. Ne1 0-0 20. f4 Rfc8 21. Bc3 Qb3 22. Qc2 Qxc2 23. Rxc2 b6 24. Kf2 Ng6 25. Nf3 Rc7 26. Rd2 Rac8 27. Rh1 Bxa4 28. h4 Bb5 29. f5 Bxe2 30. Kxe2 Nf8 31. Ne1 h5 32. fxe6 Nxe6 33. g5 g6 34. Nd3 Ra8 35. Ra1 Raa7 36. Ke3 Rc4 37. Rdd1 a4 38. Ra2 b5 39. Nf4 Nxf4 40. Kxf4 b4 41. Be1 b3 42. Raa1 Rc2 43. Rdb1 Kf8 44. Ke3 Ke8 45. Kd3 Rh2 46. Ke3 Kd7 47. Kf3 Rc2 48. Ke3 Kc6 49. Rc1 Kb5 50. Rxc2 bxc2 51. Kd3 Rc7 52. Bc3 Bb4 53. Rc1 Bxc3 54. bxc3 a3 55. Kxc2 Ka4 56. Ra1 Rb7 57. Ra2 Rb3 58. Kd2 Rb2+ 59. Rxb2 axb2 60. Kc2 Ka3 61. c4 Ka2 0-1

[Event "Colmenarejo Autumn op 25th"]
[Site "Colmenarejo"]
[Date "2018.09.30"]
[Round "3"]
[White "Martin Andres, Carlos"]
[Black "Quesada Ordinas, Jaime"]
[Result "1-0"]
[WhiteElo "1707"]
[BlackElo "1713"]
[PlyCount "119"]
[EventDate "2018.09.16"]
[EventType "swiss"]
[EventRounds "7"]
[EventCountry "ESP"]
[SourceTitle "CBM 187 Extra"]
[Source "ChessBase"]
[SourceDate "2018.11.04"]
[SourceVersion "1"]
[SourceVersionDate "2018.11.04"]
[SourceQuality "1"]

1. e4 e6 2. d4 d5 3. exd5 exd5 4. Bd3 Nf6 5. Ne2 Bd6 6. Bf4 0-0 7. 0-0 Be6 8. c3 c6 9. Qc2 Qc7 10. Bxd6 Qxd6 11. Nd2 Nbd7 12. h3 h6 13. Ng3 b5 14. b4 Nb6 15. Nb3 Nc4 16. Nc5 Nd7 17. Nxe6 fxe6 18. Bxc4 bxc4 19. Rfe1 Rae8 20. Qg6 Nf6 21. Nh5 Nxh5 22. Qxh5 Qf4 23. Re2 Re7 24. Qe5 Qxe5 25. Rxe5 Rf5 26. Rae1 Rxe5 27. Rxe5 Kf7 28. f4 Kf6 29. h4 Rf7 30. g4 g6 31. Kg2 Rg7 32. Kf3 a5 33. bxa5 Ra7 34. g5+ hxg5 35. fxg5+ Kf7 36. Kg4 Rxa5 37. Re2 c5 38. h5 gxh5+ 39. Kxh5 cxd4 40. cxd4 Ra6 41. g6+ Kg7 42. Rf2 Ra7 43. Kg5 Re7 44. Rh2 Kg8 45. Kf6 Rc7 46. Kxe6 c3 47. Rc2 Kg7 48. Kxd5 Kxg6 49. Ke4 Kf6 50. Kd3 Rh7 51. Kxc3 Ke6 52. Re2+ Kd6 53. a4 Rh3+ 54. Kc4 Ra3 55. Kb4 Rd3 56. Re4 Kd5 57. Rh4 Rxd4+ 58. Rxd4+ Kxd4 59. a5 Kd5 60. Kb5 1-0